[Event "45th Olympiad 2024"]
[Site "Budapest HUN"]
[Date "2024.09.15"]
[Round "5.53"]
[Board "2"]
[White "Djabri, Massinas"]
[Black "Chan, Pui Yin Brandon"]
[Result "0-1"]
[WhiteElo "2280"]
[BlackElo "2016"]
[PlyCount "116"]
[EventDate "2024.09.11"]
[WhiteTeam "Algeria"]
[BlackTeam "Hong Kong, China"]
[WhiteTeamCountry "ALG"]

1. d4 d5 2. c4 c6 3. cxd5 cxd5 4. Nc3 Nf6 5. Nf3 Nc6 6. Bf4 Bf5 7. e3 e6 8. Nh4 ({RR} 8. Qd3) 8... Be4 ({RR} 8... Bg6 9. Nxg6 hxg6 10. Bd3 a6 11. a3 Bd6 12. Bxd6 Qxd6 13. h3 Rc8 14. Rc1 g5 15. Be2 O-O 16. O-O Ne7 17. Bd3 b5 18. b4 Nd7 19. Qh5 f5 20. Qxg5 Nb6 21. f4 Rf6 22. Qg3 Nc4 23. Bxc4 {0-1 Rekdal,Y (1213)-Strand,V (1695) Skien-ch U20 2019 (3)}) 9. f3 $146 ({RR} 9. Nf3 Bb4 10. Rc1 O-O 11. Be2 Rc8 12. O-O h6 13. Nxe4 Nxe4 14. a3 Bd6 15. Bxd6 Qxd6 16. Qa4 a6 17. Rc2 b5 18. Qxa6 Nxd4 19. Qxd6 Nxe2+ 20. Rxe2 Nxd6 21. Ne5 Rc7 22. Nd3 Rfc8 23. Nb4 Rc4 {½-½ Novak,J (2020)-Singliar,A (2220) Klatovy op-A 1998}) ({RR} 9. Qb3 Qd7 10. f3 Bg6 11. Nxg6 hxg6 12. Bb5 a6 13. Bxc6 Qxc6 14. O-O Bd6 15. Bxd6 Qxd6 16. g3 Rb8 17. Qa4+ b5 18. Qa5 Nh5 19. Kf2 Nxg3 20. Rg1 Rxh2+ 21. Rg2 Rxg2+ 22. Kxg2 Nf5 23. Kf2 Qh2+ {0-1 De Lima,E (1271)-De Lima Jr,F (1668) BRA-ch sf Reg2 83rd 2016 (6)}) 9... Nh5 10. Bg3 Bg6 11. Bf2 Be7 12. Nxg6 hxg6 13. Qb3 Qd7 14. g4 Nf6 15. O-O-O Rc8 16. Kb1 Na5 17. Qb5 Nc4 18. Qxd7+ Kxd7 19. Ka1 Bb4 20. Rc1 Ke7 21. g5 Nd7 22. e4 dxe4 23. fxe4 Ndb6 24. Be1 Ne3 25. Be2 Bd6 26. e5 Bb4 27. Bf2 Bxc3 28. bxc3 Nec4 29. h4 Nd5 30. Rhg1 Nf4 31. Bf1 b6 32. Rg4 Nd5 33. Bd3 Rc7 34. Re4 Rhc8 35. Be1 b5 36. h5 gxh5 37. g6 fxg6 38. Bh4+ Kd7 39. Ree1 Nf4 40. Bf1 a6 41. Bg5 Rf8 42. Bxf4 Rxf4 43. Bd3 Rg4 44. Rg1 Ne3 45. Bxg6 Rxc3 46. Bxh5 Rxc1+ 47. Rxc1 Rxd4 48. Rg1 Nf5 49. Bg6 Ne7 50. Bh7 g6 51. Bxg6 Nxg6 52. Rxg6 Re4 53. Kb2 Rxe5 54. a4 bxa4 55. Rg4 Rc5 56. Rxa4 a5 57. Rh4 Kd6 58. Rh8 Kd5 0-1

[Event "45th Olympiad 2024"]
[Site "Budapest HUN"]
[Date "2024.09.15"]
[Round "5.53"]
[Board "3"]
[White "Chan, Wang Ip Boris"]
[Black "Brahami, Lamine"]
[Result "1-0"]
[WhiteElo "2016"]
[BlackElo "2188"]
[PlyCount "95"]
[EventDate "2024.09.11"]
[WhiteTeam "Hong Kong, China"]
[BlackTeam "Algeria"]
[BlackTeamCountry "ALG"]

1. e4 g6 2. d4 Bg7 3. f4 d6 4. Nf3 c6 5. a4 Bg4 6. c3 d5 7. e5 h5 8. Bd3 $146 ({RR} 8. Nbd2 Nh6 9. a5 Qc8 10. Bd3 Nf5 11. Qe2 Bh6 12. Nb3 Nh4 13. e6 Qxe6 14. Qxe6 Nxf3+ 15. Kf2 Bxe6 16. Kxf3 Nd7 {½-½ Seberry,R (2080)-Davis,C (2006) AUS-ch Gosford 1987 (9.13)}) 8... Nd7 9. h3 Bxf3 10. Qxf3 e6 11. a5 c5 12. dxc5 Nxc5 13. Bc2 Ne7 14. Be3 Nd7 15. Nd2 Nc6 16. Nb3 b6 17. O-O bxa5 18. c4 Nb4 19. Bb1 Nb6 20. Nxa5 Qc7 21. Rc1 Rc8 22. cxd5 Qxc1+ 23. Bxc1 Rxc1+ 24. Kh2 N6xd5 25. Nb3 Rc4 26. Qe2 Rc7 27. Qb5+ Ke7 28. Be4 Bh6 29. Ra4 Nc2 30. Bxd5 exd5 31. Rxa7 Rxa7 32. Qc5+ Ke8 33. Qc8+ Ke7 34. Qc5+ Ke8 35. Qxa7 Bxf4+ 36. g3 Bxe5 37. Qa8+ Ke7 38. Qxd5 Bxb2 39. Qc5+ Kf6 40. Qxc2 Be5 41. Nc5 Kg7 42. Kg2 Rb8 43. Qe4 Rb2+ 44. Kf3 Bf6 45. Nd7 Rb5 46. Nxf6 Rb3+ 47. Kf4 Kh6 48. h4 1-0

[Event "45th Olympiad 2024"]
[Site "Budapest HUN"]
[Date "2024.09.15"]
[Round "5.53"]
[Board "4"]
[White "Bengherabi, Khalil"]
[Black "Li, Yiheng"]
[Result "1-0"]
[WhiteElo "2076"]
[BlackElo "1893"]
[PlyCount "115"]
[EventDate "2024.09.11"]
[WhiteTeam "Algeria"]
[BlackTeam "Hong Kong, China"]
[WhiteTeamCountry "ALG"]

1. e4 c5 2. Nf3 d6 3. d4 cxd4 4. Nxd4 Nf6 5. Nc3 a6 6. h3 e5 7. Nde2 h5 8. g3 Be7 9. Bg2 b5 10. O-O O-O 11. a4 b4 12. Nd5 Nxd5 13. Qxd5 Ra7 14. Be3 ({RR} 14. c3 Be6 15. Qd1 b3 16. Be3 Rb7 17. Kh2 Nc6 18. f4 Na5 19. f5 Bd7 20. Ng1 Nc4 21. Qe2 Qc7 22. Rfd1 Rc8 23. Bf2 Nxb2 24. Qxb2 Qxc3 25. Rd2 Qxb2 26. Rxb2 Rc2 27. Rab1 Rxb2 28. Rxb2 Bxa4 {½-½ Movahed,S (2463)-Popov,K (2364) Titled Tue 12th Mar Late 2024 (10)}) 14... Rb7 $146 ({RR} 14... Be6 15. Qd1 Rb7 16. a5 Nc6 17. Bb6 Qd7 18. Qd3 Ra8 19. Kh2 Bd8 20. f4 Bxb6 21. axb6 Qd8 22. f5 Bc8 23. h4 Qxb6 24. Qf3 Nd4 25. Nxd4 Qxd4 26. Qxh5 Qe3 27. Rf3 Qh6 28. Qxh6 gxh6 29. Bf1 {0-1 Bes,M (2130)-Janiszewski,F (1983) POL-chT 2nd League 2021 (6.10)}) ({RR} 14... Be6 15. Qd3 Rd7 16. c3 d5 17. exd5 Bxd5 18. Qf5 h4 19. Qxe5 Bc4 20. Qh5 Re8 21. Be4 f5 22. Bxf5 Bd6 23. Bg5 Qc8 24. Bg6 Rxe2 25. Rfe1 Re5 26. Rxe5 Bxe5 27. Re1 Nc6 28. Qxh4 Bf7 29. Bf5 {½-½ Panda,V (2069)-Grinberg,E (2491) Pan American Intercollegiate-chT rapid 2021 (8)}) 15. f4 Qc7 16. Qd2 Nd7 17. f5 Nf6 18. c3 d5 19. exd5 Rd8 20. Rac1 Qc4 21. cxb4 Qxb4 22. d6 Bxd6 23. Bxb7 Qxb7 24. Nc3 Qb4 25. Qf2 Bb7 26. Rfd1 Ne4 27. Nxe4 Qxe4 28. Kh2 Kh7 29. Re1 Qxa4 30. Qe2 g6 31. fxg6+ fxg6 32. Qc4 Qd7 33. Rf1 Kg7 34. Rcd1 Qe7 35. Rd2 Rf8 36. Rdf2 Rxf2+ 37. Rxf2 Qd7 38. Bg5 Bc8 39. Bf6+ Kh7 40. Qf1 Bc5 41. Re2 Qf7 42. Rxe5 Bd6 43. Re1 Bb7 44. Be7 Qxf1 45. Rxf1 Be5 46. Bf6 Bxf6 47. Rxf6 Kh6 48. h4 a5 49. Rf7 Bc6 50. Kg1 a4 51. Kf2 Be8 52. Re7 Bb5 53. Ke3 Bc6 54. Kd4 Bf3 55. Kc3 Bd1 56. Kb4 Bb3 57. Ra7 Bd1 58. Rxa4 1-0

[Event "45th Olympiad 2024"]
[Site "Budapest HUN"]
[Date "2024.09.15"]
[Round "5.54"]
[Board "1"]
[White "Asabri, Hussien"]
[Black "Mandizha, Farai"]
[Result "1/2-1/2"]
[WhiteElo "2196"]
[BlackElo "2371"]
[PlyCount "110"]
[EventDate "2024.09.11"]
[WhiteTeam "Libya"]
[BlackTeam "Zimbabwe"]
[WhiteTeamCountry "LBY"]
[BlackTeamCountry "ZIM"]

1. d4 Nf6 2. Nf3 g6 3. Bg5 Bg7 4. Nbd2 d5 5. e3 c5 6. c3 Nc6 7. Bd3 Qb6 8. Rb1 O-O 9. O-O Nd7 10. b4 cxd4 ({RR} 10... c4 11. Bc2 e5 12. e4 exd4 13. exd5 d3 14. dxc6 dxc2 15. Qxc2 Qxc6 16. Rfe1 Nb6 17. b5 Qc7 18. Re7 Bd7 19. Qe4 Rfe8 20. h3 Rxe7 21. Qxe7 Re8 22. Qb4 Bf5 23. Rc1 Bd3 24. Qa5 Nd5 25. Qxa7 {0-1 Le Tuan Minh (2559)-Villalba,M (2239) Titled Tue 10th Oct Early 2023 (1)}) 11. cxd4 e5 12. b5 Ncb8 $146 ({RR} 12... Nd8 13. dxe5 Nxe5 14. Nxe5 Bxe5 15. Bh6 Re8 16. Qa4 Ne6 17. Qh4 Qd8 18. Qxd8 Rxd8 19. Nf3 Bf6 20. Rfd1 Nc5 21. Bc2 Bg4 22. Rb4 Bxf3 23. gxf3 Bc3 24. Rbb1 d4 25. Bb3 Nxb3 26. Rxb3 f6 27. exd4 {1-0 Hermann,M (2360)-Teuchert,B Delmenhorst 1986}) ({RR} 12... Nd8 13. dxe5 Nxe5 14. Nxe5 Bxe5 15. Nf3 Bg7 16. Rc1 Ne6 17. Bh4 Bd7 18. a4 a6 19. Rb1 Qa5 20. Be7 Rfe8 21. Bb4 Qd8 22. bxa6 bxa6 23. a5 Bc6 24. Rc1 Qd7 25. Bc3 Ba4 26. Bc2 Bxc2 27. Rxc2 {1-0 Anton Guijarro,D (2688)-Balakrishnan,P (2498) Titled Tuesday intern op 4th Aug 10am blitz 2020 (9)}) 13. dxe5 Nxe5 14. Nxe5 Bxe5 15. Nf3 Bg7 16. a4 Be6 17. Be7 Re8 18. Bb4 Nd7 19. a5 Qd8 20. Nd4 Ne5 21. Be2 Rc8 22. a6 b6 23. Rc1 Qh4 24. Bd6 Rxc1 25. Qxc1 Rc8 26. Qd1 Qd8 27. Bxe5 Bxe5 28. Nc6 Qc7 29. f4 Bd6 30. Bf3 Bc5 31. Bxd5 Re8 32. Bxe6 Rxe6 33. f5 Rxe3 34. Kh1 Re8 35. Qf3 Qd7 36. fxg6 hxg6 37. Rd1 Re6 38. h3 Rd6 39. Rxd6 Qxd6 40. Qe2 Qd7 41. Kh2 Kh7 42. g3 Kg8 43. h4 Kh7 44. Qf3 Bd6 45. Kg2 Kg8 46. Qd5 Qg4 47. Qf3 Qd7 48. h5 Bc5 49. Ne5 Qe6 50. hxg6 fxg6 51. Qe4 Kg7 52. Qb7+ Be7 53. Nc6 Qe2+ 54. Kh3 Qf1+ 55. Kh2 Qf2+ 1/2-1/2

[Event "45th Olympiad 2024"]
[Site "Budapest HUN"]
[Date "2024.09.15"]
[Round "5.54"]
[Board "2"]
[White "Makoto, Rodwell"]
[Black "Alhassadi, Yousef A."]
[Result "1-0"]
[WhiteElo "2311"]
[BlackElo "2082"]
[PlyCount "97"]
[EventDate "2024.09.11"]
[WhiteTeam "Zimbabwe"]
[BlackTeam "Libya"]
[WhiteTeamCountry "ZIM"]
[BlackTeamCountry "LBY"]

1. Nf3 d5 2. g3 c5 3. Bg2 Nc6 4. O-O Nf6 5. d4 e6 6. c4 Be7 ({RR} 6... a6 7. cxd5 exd5 8. Bg5 Be6 9. Nc3 Be7 10. dxc5 Bxc5 11. Bxf6 gxf6 12. e3 Qd6 13. Rc1 Rd8 14. Ne2 O-O 15. Qc2 Bb6 16. Ned4 Ne5 17. b3 Kh8 18. Qd2 Bc5 19. Nxe5 fxe5 20. Nxe6 fxe6 21. Qc3 {½-½ Shavtvaladze,N (2452)-Gelashvili,T (2605) Kalamaria op 6th 2009 (9)}) 7. a3 ({RR} 7. Na3 O-O 8. b3 dxc4 9. Nxc4 cxd4 10. Nfe5 Nxe5 11. Nxe5 Bc5 12. Nd3 Bb6 13. Bb2 Nd5 14. Rc1 Qd6 15. Rc4 e5 16. Ba3 Qxa3 17. Bxd5 Qd6 18. Bg2 Be6 19. Rc2 Bd5 20. f3 Rac8 21. Qd2 f5 {0-1 Aketayeva,D (2130)-Mirzanurov,B (2199) Titled Tuesday intern op 15th Feb Early blitz 2022 (4)}) 7... Ne4 $146 ({RR} 7... cxd4 8. Nxd4 e5 9. Nxc6 bxc6 10. Nc3 Bb7 11. Bg5 e4 12. Qa4 O-O 13. Rfd1 Nd7 14. Be3 Nb6 15. Bxb6 Qxb6 16. cxd5 cxd5 17. Nxd5 Bxd5 18. Rxd5 Bc5 19. Rf1 Rac8 20. b4 Bd4 21. Bxe4 Rc3 22. Qd1 {1-0 Stagl,M (1724)-Spielleuthner,S (1742) AUT-ch U16 Bad Ischl 2007 (7)}) ({RR} 7... O-O 8. dxc5 dxc4 9. Qc2 Na5 10. Nbd2 Bxc5 11. b4 cxb3 12. Qxc5 b6 13. Qd4 Qc7 14. Bb2 Ba6 15. Rac1 Qe7 16. Qb4 Qd7 17. Bxf6 gxf6 18. Nd4 Bb7 19. N4xb3 Bxg2 20. Kxg2 Nc6 21. Qh4 f5 22. Nf3 {1-0 Autengruber,D (1918)-Molnar,M (1806) Vienna op-B 14th 2003 (6)}) ({RR} 7... dxc4 8. Ne5 O-O 9. Bxc6 bxc6 10. Nxc6 Qd6 11. Nxe7+ Qxe7 12. dxc5 Qxc5 13. Be3 Qc6 14. Nd2 Bb7 15. Nf3 Rfd8 16. Qc2 Ng4 17. Qc3 Rd3 18. Qa5 Rd5 19. Qb4 Ne5 20. Qe1 Rd7 {0-1 Fant,G-Johansson,L (2220) Lyngby op 1988 (5)}) 8. dxc5 Bxc5 9. b4 Be7 10. Bb2 Bf6 11. Qc2 Bxb2 12. Qxb2 Qf6 13. Qxf6 Nxf6 14. cxd5 Nxd5 15. e4 Nb6 16. Nbd2 Ke7 17. Nb3 a6 18. e5 Rd8 19. Rfe1 Rd5 20. Rac1 Bd7 21. Nc5 Rb8 22. Rc2 Be8 23. Nd2 Rdd8 24. Ndb3 Nd5 25. f4 Na7 26. Rd2 Nb5 27. Bxd5 Rxd5 28. Rxd5 exd5 29. a4 Nc3 30. Ra1 b6 31. Nxa6 Rc8 32. a5 bxa5 33. bxa5 Ne2+ 34. Kf2 Rc2 35. Ke1 Nc3 36. Nd2 Ne4 37. Nxe4 dxe4 38. Nb4 Rxh2 39. Ra3 Rb2 40. Nd5+ Kd8 41. a6 Bc6 42. Ne3 Kc7 43. a7 Ba8 44. Nf5 g6 45. Nh6 Rb1+ 46. Kd2 Rb2+ 47. Kc1 Re2 48. Kd1 Rg2 49. Nxf7 1-0

[Event "45th Olympiad 2024"]
[Site "Budapest HUN"]
[Date "2024.09.15"]
[Round "5.54"]
[Board "3"]
[White "Naser Eldean, Ahmed"]
[Black "Mwadzura, Roy"]
[Result "1-0"]
[WhiteElo "1981"]
[BlackElo "2229"]
[PlyCount "105"]
[EventDate "2024.09.11"]
[WhiteTeam "Libya"]
[BlackTeam "Zimbabwe"]
[WhiteTeamCountry "LBY"]
[BlackTeamCountry "ZIM"]

1. e4 e6 2. d3 d5 3. Nd2 c5 4. Ngf3 Nc6 5. g3 g6 6. Bg2 Bg7 7. O-O Nge7 8. Re1 a5 9. a4 ({RR} 9. Qe2 a4 10. a3 O-O 11. e5 b5 12. h4 h6 13. Nf1 Nf5 14. c3 b4 15. Bh3 bxc3 16. bxc3 Na5 17. Bf4 Nb3 18. Rad1 d4 19. c4 Bb7 20. N1h2 Kh7 21. Bg2 Qe7 22. Ng4 Ra7 23. Nf6+ Bxf6 {½-½ Mazurkiewicz,M (2145)-Papasimakopoulos,A (2402) Titled Tue 12th Mar Late 2024 (1)}) 9... b6 10. Nf1 $146 ({RR} 10. exd5 exd5 11. c3 O-O 12. Nb1 Re8 13. Na3 Ba6 14. Bf4 Ra7 15. Nb5 Bxb5 16. axb5 Nb8 17. Ne5 Nf5 18. Nc6 Rxe1+ 19. Qxe1 Nxc6 20. bxc6 Re7 21. Qd1 Be5 22. Bg5 f6 23. Bd2 Re6 24. Qb3 Ne7 {1-0 Van der Lijn,B (2190)-Roger,M Cappelle op 11th 1995 (3)}) ({RR} 10. exd5 exd5 11. c3 O-O 12. Nb1 d4 13. cxd4 cxd4 14. Bg5 f6 15. Bd2 Ra7 16. Na3 Nd5 17. Qb3 Kh8 18. Rac1 Ndb4 19. Nb5 Re7 20. Rxe7 Qxe7 21. Nfxd4 Nxd4 22. Nxd4 f5 23. Nc6 Nxc6 24. Bxc6 Bd4 {1-0 Kobalia,M (2596)-Papasimakopoulos,A (2259) Titled Tuesday intern op 11th Jan blitz 2022 (11)}) 10... Ba6 11. Rb1 Ra7 12. e5 h6 13. h4 Qc7 14. Bf4 g5 15. hxg5 hxg5 16. Nxg5 Ng6 17. Ne3 Ncxe5 18. Nxd5 exd5 19. Bxe5 Nxe5 20. f4 f6 21. Ne6 Qd6 22. fxe5 fxe5 23. Qg4 Bf6 24. Qg6+ Rf7 25. Ng5 Rhf8 26. Bf3 Ke7 27. Nxf7 Rxf7 28. Bh5 Rf8 29. c3 Bc8 30. Rf1 Qe6 31. Qh7+ Kd8 32. Rf2 Rg8 33. Rg2 Bg5 34. Re1 Rf8 35. Qg7 Qf6 36. Qxf6+ Bxf6 37. Rf2 Ke7 38. Bf3 Be6 39. Rh2 Kd6 40. Kg2 Bd7 41. b3 Bf5 42. Rd1 Bg5 43. c4 d4 44. Be4 Be6 45. Rh7 Rg8 46. Rf1 Bf4 47. Rf3 Bd7 48. Kh2 Bg5 49. Rff7 Be6 50. Rc7 Rc8 51. Rcg7 Bf6 52. Rb7 Bd8 53. Rh6 1-0

[Event "45th Olympiad 2024"]
[Site "Budapest HUN"]
[Date "2024.09.15"]
[Round "5.54"]
[Board "4"]
[White "Mapuranga, Vitalis"]
[Black "Abugenda, Nagi"]
[Result "1-0"]
[WhiteElo "2013"]
[BlackElo "1975"]
[PlyCount "77"]
[EventDate "2024.09.11"]
[WhiteTeam "Zimbabwe"]
[BlackTeam "Libya"]
[WhiteTeamCountry "ZIM"]
[BlackTeamCountry "LBY"]

1. d4 Nf6 2. c4 e6 3. Nc3 Bb4 4. Qb3 Bxc3+ 5. Qxc3 b6 6. Bg5 Bb7 7. f3 d5 8. cxd5 ({RR} 8. e3 dxc4 9. Bxc4 Nbd7 10. Ne2 h6 11. Bh4 O-O 12. O-O c5 13. Rfd1 Qe7 14. Rac1 cxd4 15. Nxd4 Rac8 16. Qe1 Ne5 17. Be2 Ng6 18. Bf2 Rfd8 19. Bb5 a6 20. Bc6 Ne5 21. Bxb7 Qxb7 22. Qe2 b5 {½-½ Pesotskiy,M (2136)-Mizzi,J (2043) Titled Tue 6th Feb Late 2024 (7)}) 8... exd5 9. Rc1 c6 $146 ({RR} 9... Na6 10. e3 O-O 11. Nh3 Re8 12. Be2 h6 13. Bh4 Qe7 14. Bf2 Rac8 15. O-O c5 16. Bb5 Red8 17. Qa3 Nb4 18. dxc5 bxc5 19. Nf4 Nd7 20. Rfe1 Ne5 21. Bf1 Qg5 22. Bg3 Qe7 23. Kh1 d4 24. exd4 {1-0 Barlov,D (2487)-Perez Celis,A (1796) La Laguna op 4th 2010 (1)}) 10. Qa3 Qe7 11. Qxe7+ Kxe7 12. e3 Nbd7 13. Bd3 Rhe8 14. h4 Kf8 15. h5 Rac8 16. h6 g6 17. Ne2 c5 18. dxc5 bxc5 19. Kf2 Re6 20. Rhd1 Ne5 21. Bb1 Ned7 22. Rc3 Rb6 23. Rd2 Rd6 24. Ra3 a6 25. Rc3 Rb6 26. Rc1 Ba8 27. Nc3 Re6 28. Na4 Bb7 29. Rdc2 c4 30. Rd2 Rec6 31. Nc3 Rc5 32. Rd4 Re8 33. Bc2 Bc6 34. Bd1 Rc8 35. Be2 Ra5 36. Bf4 Ke7 37. Rcd1 Ke6 38. g4 Rd8 39. Bc7 1-0

[Event "45th Olympiad 2024"]
[Site "Budapest HUN"]
[Date "2024.09.15"]
[Round "5.55"]
[Board "1"]
[White "Miguel, Sergio"]
[Black "Pg, Md Omar Ak Hafizon"]
[Result "1-0"]
[WhiteElo "2241"]
[BlackElo "2159"]
[PlyCount "91"]
[EventDate "2024.09.11"]
[WhiteTeam "Angola"]
[BlackTeam "Brunei Darussalam"]
[WhiteTeamCountry "ANG"]

1. e4 c5 2. Nf3 e6 3. d4 cxd4 4. Nxd4 Nc6 5. Nb5 d6 6. c4 Nf6 7. N1c3 Be7 8. Be2 a6 9. Na3 Qc7 10. Be3 b6 11. Rc1 O-O 12. O-O Bb7 13. f4 Nd7 $146 ({RR} 13... Na5 14. Bf3 Rfe8 15. Qe2 Rac8 16. Na4 Nd7 17. Qf2 Nc5 18. Nxc5 dxc5 19. e5 Nc6 20. Rcd1 Nb4 21. Bxb7 Qxb7 22. f5 Bf8 23. f6 g6 24. Qh4 h5 25. Nb1 Nc6 26. Bf4 Nd4 27. Nc3 Nf5 28. Qh3 {1-0 Borawski,J (1952)-Pytel,M (1615) Bialystok-ch U20 2013 (1.2)}) 14. Bf3 Bf6 15. Qd2 Nc5 16. Nc2 Bxc3 17. Qxc3 Ne7 18. Bd4 f6 19. e5 dxe5 20. fxe5 f5 21. Bxb7 Qxb7 22. Bxc5 bxc5 23. Rcd1 Rad8 24. a3 Ng6 25. b4 Rxd1 26. Rxd1 f4 27. Ne1 Nh4 28. Nf3 Nf5 29. bxc5 Qc7 30. c6 Qxc6 31. c5 Rc8 32. Rc1 Ne3 33. Qd4 Nd5 34. Qc4 Qb5 35. Qxb5 axb5 36. Nd4 Nc7 37. Rb1 Rb8 38. a4 Na6 39. Nc6 Ra8 40. Rxb5 Kf8 41. Ra5 Ke8 42. Kf2 g5 43. Kf3 h5 44. h4 gxh4 45. Kxf4 Kd7 46. Rxa6 1-0

[Event "45th Olympiad 2024"]
[Site "Budapest HUN"]
[Date "2024.09.15"]
[Round "5.55"]
[Board "2"]
[White "Yee, Soon Wei"]
[Black "Silva, David"]
[Result "0-1"]
[WhiteElo "2219"]
[BlackElo "2363"]
[PlyCount "66"]
[EventDate "2024.09.11"]
[WhiteTeam "Brunei Darussalam"]
[BlackTeam "Angola"]
[BlackTeamCountry "ANG"]

1. e4 {Chekhov,Valery A} c5 2. c3 g6 3. d4 d5 4. exd5 Qxd5 5. Nf3 Nf6 6. Na3 ({RR} 6. dxc5 Qxc5 7. Be3 Qc7) 6... Bg7 7. Be3 ({RR} 7. Bc4 Qe4+ 8. Be3 Nd5 ({RR} 8... Ng4 9. Bxf7+) 9. Bxd5 Qxd5 10. dxc5 Qc6) ({RR} 7. Nb5 Na6 8. dxc5 Qxc5 ({RR} 8... Qxd1+ 9. Kxd1 Ne4 10. Be3 O-O) 9. Be3) 7... cxd4 8. Nb5 ({RR} 8. Qxd4 Nc6) ({RR} 8. Qxd4 Nc6 9. Qxd5 Nxd5 10. Nb5 O-O 11. Nbd4 Nxe3 12. fxe3 Ne5 13. Nxe5 Bxe5 14. Bd3 Bg4 15. O-O Rad8 16. h3 Bc8 17. Rad1 Bc7 18. Be4 Bb6 19. Nc2 Kg7 20. Kh1 f5 21. Bf3 e5 22. Bd5 e4 {0-1 Hartikainen,J (2092)-Filgueira,H (2283) Titled Tue 2nd Apr Early 2024 (1)}) 8... O-O 9. Qxd4 Nc6 10. Qh4 ({RR} 10. Qxd5 Nxd5 11. Bg5 a6 12. Nbd4 Nxd4 13. Nxd4 e5) 10... Qd8 $146 ({RR} 10... Ng4 11. Nc7 ({RR} 11. Bd2 Bf5) 11... Qa5 12. Nxa8 Bxc3+ 13. Bd2 ({RR} 13. bxc3 Qxc3+ 14. Ke2 Qxa1 15. Nc7 Qxa2+) 13... Bxd2+ 14. Nxd2 Qe5+ 15. Be2 ({RR} 15. Kd1 g5 16. Qg3 Qxg3 17. fxg3 Nf2+ 18. Ke1 Nxh1 19. Nc7 Bf5) 15... Nd4 16. O-O g5 17. Qh5 ({RR} 17. Qh3 Nxe2+ 18. Kh1 Nxf2+) 17... Nxe2+ 18. Kh1 Nf4 19. Nf3 Nxh5 20. Nxe5 Nxe5 21. Nc7 Nf4 22. Rad1 Bf5 23. Nd5 Nxd5 24. Rxd5 f6 25. Rc1 {0-1 Sepp,O (2460)-Ehlvest,J (2615) Riga zt 1995 (3)}) 11. Bc4 Bg4 12. O-O Bxf3 13. gxf3 Ne5 14. Be2 a6 15. Rfd1 Qc8 16. Nd4 Rd8 17. c4 Nh5 18. Bg5 h6 19. Bxe7 Re8 20. f4 Nxf4 21. Qxf4 Rxe7 22. Rac1 Qe8 23. Nc2 Nc6 24. Ne3 Re4 25. Qg3 Nd4 26. Bf3 Rc8 27. Nd5 Nf5 28. Qg2 Rexc4 29. Rxc4 Rxc4 30. b3 Rd4 31. Rc1 Nh4 32. Qh3 Qe6 33. Qxe6 Nxf3+ 0-1

[Event "45th Olympiad 2024"]
[Site "Budapest HUN"]
[Date "2024.09.15"]
[Round "5.55"]
[Board "3"]
[White "Junior, Domingos"]
[Black "Lim Teck Guan, Rodney"]
[Result "1/2-1/2"]
[WhiteElo "2183"]
[BlackElo "1931"]
[PlyCount "94"]
[EventDate "2024.09.11"]
[WhiteTeam "Angola"]
[BlackTeam "Brunei Darussalam"]
[WhiteTeamCountry "ANG"]

1. e4 c6 2. d4 d5 3. Nc3 dxe4 4. Nxe4 Bf5 5. Ng3 Bg6 6. Nf3 Nd7 7. h4 h6 8. h5 Bh7 9. Bd3 Bxd3 10. Qxd3 e6 11. Bf4 Qa5+ 12. Bd2 Bb4 13. c3 Be7 14. a3 Ngf6 15. c4 Qc7 16. Ne4 ({RR} 16. O-O-O O-O 17. Bc3 b5 18. Ne5 bxc4 19. Qxc4 Nxe5 20. dxe5 Nd5 21. Ne4 Rab8 22. Rd3 Qb6 23. Rg3 Kh8 24. Bd4 c5 25. Bc3 Qb3 26. Qxb3 Rxb3 27. Kc2 Rfb8 28. Nd2 R3b5 29. Nc4 Rb3 30. Na5 R3b6 {1-0 Ilinca Ilinca,F (2227)-Ozen,B (2369) Titled Tue 28th Feb Early 2023 (2)}) 16... O-O 17. Bc3 Rfd8 $146 ({RR} 17... Nxe4 18. Qxe4 b5 19. Ne5 Rac8 20. O-O bxc4 21. Nxc4 Nf6 22. Qf3 Nd5 23. Bd2 Bf6 24. Qg4 Kh8 25. Rac1 c5 26. dxc5 Qxc5 27. Ne3 Qb5 28. Nxd5 Qxd5 29. Rcd1 Rc4 30. Qe2 Rc2 31. Bb4 Rxe2 32. Rxd5 {0-1 Mikalsen,H (2041)-Laohawirapap,P (1844) Bangkok Cha Am op 19th 2019 (3)}) 18. O-O-O b5 19. Nxf6+ Nxf6 20. Qe2 a5 21. c5 Nd5 22. Bd2 a4 23. Ne5 Bf6 24. Qe4 Bxe5 25. dxe5 Qe7 26. Bb4 Rd7 27. f4 Rad8 28. g3 Nxb4 29. axb4 Rxd1+ 30. Rxd1 Rxd1+ 31. Kxd1 Qd7+ 32. Ke2 Qd5 33. Qxd5 exd5 34. Kf3 Kf8 35. Kg4 Ke7 36. Kf5 Kd7 37. g4 Ke7 38. g5 hxg5 39. fxg5 g6+ 40. hxg6 fxg6+ 41. Kxg6 d4 42. Kh6 d3 43. g6 d2 44. g7 d1=Q 45. g8=Q Qh1+ 46. Kg7 Qg2+ 47. Kh8 Qxb2 1/2-1/2

[Event "45th Olympiad 2024"]
[Site "Budapest HUN"]
[Date "2024.09.15"]
[Round "5.55"]
[Board "4"]
[White "Akmal, Ahmad"]
[Black "Domingos, Catarino"]
[Result "0-1"]
[WhiteElo "1830"]
[BlackElo "2229"]
[PlyCount "86"]
[EventDate "2024.09.11"]
[WhiteTeam "Brunei Darussalam"]
[BlackTeam "Angola"]
[BlackTeamCountry "ANG"]

1. e4 g6 2. d4 Bg7 3. Nf3 d6 4. Be2 c6 5. c4 Nf6 6. Nc3 O-O 7. O-O a6 8. h3 ({RR} 8. Rb1 b5 9. b4 bxc4 10. Bxc4 d5 11. Bd3 dxe4 12. Nxe4 Be6 13. a4 Nbd7 14. Nxf6+ Bxf6 15. Qe2 a5 16. Bh6 Re8 17. b5 cxb5 18. Bxb5 Bf5 19. Rbc1 Nb6 20. Bxe8 Qxe8 21. Bg5 Qxa4 22. Bxf6 exf6 {½-½ Pogorelov,R (2440)-Anastasian,A (2520) Ubeda op 1st 1996}) 8... b5 9. Qb3 ({RR} 9. cxb5 axb5 10. Be3 b4 11. Na4 Nxe4 12. d5 c5 13. Rc1 Ba6 14. b3 Nd7 15. Bxa6 Rxa6 16. Qd3 Rxa4 17. bxa4 Nc3 18. Rc2 Nxa4 19. Nd2 Ne5 20. Qe2 Nc3 21. Qa6 Qa8 22. Qxa8 Rxa8 23. Nb1 Nxd5 {0-1 Koridze,L (2140)-Chernomordik,P (2144) Titled Tue 13th Jun Early 2023 (6)}) 9... Nbd7 10. Be3 $146 ({RR} 10. e5 dxe5 11. dxe5 Nc5 12. Qa3 Nfd7 13. Be3 Ne6 14. cxb5 cxb5 15. Nd5 Bb7 16. Nxe7+ Kh8 17. Rfd1 Qe8 18. Qd6 Rd8 19. Nc6 Rc8 20. Na5 Bxf3 21. Bxf3 Nxe5 22. Bb7 Rc2 23. Qa3 b4 24. Qxb4 Rxb2 {½-½ Zaika,D (2077)-Popov,K (2286) RUS-chT2 Sochi 2016 (2.10)}) 10... e5 11. Rfd1 Re8 12. cxb5 axb5 13. Ng5 Rf8 14. dxe5 dxe5 15. Rac1 Qe7 16. a4 b4 17. Na2 c5 18. Bb5 h6 19. Nf3 Bb7 20. Nd2 Rfd8 21. f3 Bf8 22. Nc4 Qe6 23. Qc2 Ba6 24. Bxa6 Rxa6 25. b3 Rc8 26. Rd3 Nh5 27. Qd2 Ndf6 28. Bxh6 Bxh6 29. Qxh6 Nf4 30. Rd2 N6h5 31. Rcd1 Raa8 32. Nc1 Qf6 33. Ne3 Rd8 34. Ng4 Qe7 35. Kh2 Rxd2 36. Rxd2 Rd8 37. Rc2 Qh4 38. Ne3 Qg3+ 39. Kh1 Qe1+ 40. Kh2 Qxe3 41. Qg5 Rd2 42. Rxd2 Qxd2 43. Qg4 Qxc1 0-1

[Event "45th Olympiad 2024"]
[Site "Budapest HUN"]
[Date "2024.09.15"]
[Round "5.56"]
[Board "1"]
[White "Mfune, Petros"]
[Black "Mwali, Chitumbo"]
[Result "0-1"]
[WhiteElo "1986"]
[BlackElo "2312"]
[PlyCount "99"]
[EventDate "2024.09.11"]
[WhiteTeam "Malawi"]
[BlackTeam "Zambia"]
[WhiteTeamCountry "MWI"]
[BlackTeamCountry "ZAM"]

1. e4 e5 2. Nf3 Nc6 3. Bb5 a6 4. Ba4 Nf6 5. O-O b5 6. Bb3 Be7 7. Re1 O-O 8. c3 d6 9. d4 Bg4 10. d5 Na5 11. Bc2 Qc8 12. Nbd2 ({RR} 12. h3 Bd7 13. Bg5 h6 14. Bh4 c6 15. dxc6 Qxc6 16. Nbd2 Be6 17. Rc1 Nc4 18. b3 Nxd2 19. Nxd2 Qxc3 20. Bb1 Qa5 21. Nf1 Rac8 22. Qe2 Rxc1 23. Rxc1 Rc8 24. Rd1 Qb4 25. Qf3 a5 26. Ne3 a4 {½-½ Kamsky,G (2613)-Gomez Barrera,J (2209) Titled Tue 25th Jun Late 2024 (1)}) 12... c6 13. b4 Nb7 14. c4 ({RR} 14. dxc6 Qxc6 15. Bb2 Nd8 16. Nf1 Qb7 17. Ng3 Re8 18. h3 Bd7 19. Bb3 Ne6 20. Nf5 Bc6 21. Nxd6 Bxd6 22. Qxd6 Nxe4 23. Qxe5 N6c5 24. bxc5 Rxe5 25. Nxe5 Nxc5 26. Bxf7+ Kh8 27. Rad1 Bxg2 28. Rd4 h6 {1-0 Kamsky,G (2713)-Karjakin,S (2747) Mainz Ordix op 17th rapid 2010 (8)}) 14... Qc7 $146 ({RR} 14... Bxf3 15. gxf3 Nh5 16. dxc6 Nd8 17. cxb5 axb5 18. Nb3 Nxc6 19. a3 Qh3 20. Kh1 Nd8 21. Rg1 Ne6 22. Bd3 Rab8 23. Bf1 Qh4 24. Be3 Nhf4 25. Rc1 f5 26. Rg3 Rf6 27. exf5 Rxf5 28. Na5 Bf8 29. Rc6 {1-0 Schneider,L (2460)-Wiedenkeller,M (2430) SWE-ch Sundsvall 1989}) 15. dxc6 Nd8 16. cxb5 axb5 17. Bb2 Nxc6 18. a3 Qb6 19. Bd3 Rfe8 20. Qe2 Rab8 21. Qe3 Qb7 22. h3 Bd7 23. Bf1 Bd8 24. Qd3 Bc7 25. Nb3 Nh5 26. Bc1 Nd8 27. g3 Ne6 28. Nxe5 dxe5 29. Qxd7 Red8 30. Qe7 Nxg3 31. Bg2 Nh5 32. Nc5 Nxc5 33. Qxc5 Rd6 34. Be3 Rg6 35. Qd5 Qc8 36. Kf1 Qe8 37. Qd1 Nf4 38. Bxf4 exf4 39. Rc1 Be5 40. Rc5 Rd6 41. Rd5 Ra6 42. Qb3 Rba8 43. Qd3 Rxa3 44. Qxb5 Qxb5+ 45. Rxb5 f6 46. Kg1 Bd4 47. Rd1 Ra1 48. Rxa1 Rxa1+ 49. Bf1 Rb1 50. Rb7 0-1